[Event "Campeonato Continental Americas 2009"]
[Site "Sao Paulo BRA"]
[Date "2009.08.01"]
[Round "10.2"]
[White "Corrales Jimenez, Fidel"]
[Black "Milos, Gilberto"]
[Result "1-0"]
[WhiteElo "2602"]
[BlackElo "2589"]
[PlyCount "133"]
[EventDate "2009.07.25"]
[EventType "swiss"]
[EventRounds "11"]
[EventCountry "BRA"]
[Source "lmi"]
[SourceDate "2009.07.25"]

1. e4 c6 2. d4 d5 3. Nc3 dxe4 4. Nxe4 Bf5 5. Ng3 Bg6 6. h4 h6 7. Nf3 Nd7 8. h5
Bh7 9. Bd3 Bxd3 10. Qxd3 e6 11. Bf4 Qa5+ 12. Bd2 Qc7 13. O-O-O Ngf6 14. Ne4
O-O-O 15. g3 Be7 16. Kb1 c5 17. Bf4 Qc6 18. Nxf6 Bxf6 19. d5 exd5 20. Qxd5 Ne5
21. Qxc6+ Nxc6 22. c3 Rxd1+ 23. Rxd1 Rd8 24. Rxd8+ Kxd8 25. Kc2 Kd7 26. Kd3 b5
27. Be3 Kd6 28. b3 a6 29. Nd2 Ne5+ 30. Ke2 Kd5 31. f4 Ng4 32. c4+ bxc4 33.
bxc4+ Kc6 34. Kf3 Nh2+ 35. Ke4 Ng4 36. Bg1 Bc3 37. Nb3 Bb4 38. Kf5 Nf6 39. g4
Ne8 40. Ke4 Nd6+ 41. Kd3 f5 42. gxf5 Nxf5 43. Bf2 Ba3 44. Be1 Bb2 45. Na5+ Kb6
46. Nb3 Kc6 47. Nd2 Bf6 48. Ne4 Bd4 49. Bd2 Kd7 50. Ke2 Ne7 51. Kf3 Nc6 52. Be3
Ke6 53. Nxc5+ Bxc5 54. Bxc5 Kf5 55. Bf8 g6 56. hxg6 Kxg6 57. Ke4 h5 58. Kd5 Nb8
59. Ke6 h4 60. f5+ Kh5 61. Bd6 Nc6 62. Kd5 Nd8 63. c5 Kg4 64. c6 Nxc6 65. Kxc6
Kxf5 66. Kb6 Ke6 67. Bh2 1-0

[Event "Campeonato Continental Americas 2009"]
[Site "Sao Paulo BRA"]
[Date "2009.08.01"]
[Round "10.6"]
[White "Vescovi, Giovanni"]
[Black "Perez Rodriguez, Luis Manuel"]
[Result "1-0"]
[WhiteElo "2631"]
[BlackElo "2512"]
[PlyCount "57"]
[EventDate "2009.07.25"]
[EventType "swiss"]
[EventRounds "11"]
[EventCountry "BRA"]
[Source "lmi"]
[SourceDate "2009.07.25"]

1. d4 d5 2. c4 c6 3. Nf3 Nf6 4. e3 e6 5. Bd3 Nbd7 6. b3 Bb4+ 7. Nbd2 Bc3 8. Rb1
e5 9. Qc2 Bxd2+ 10. Nxd2 exd4 11. O-O dxe3 12. Nf3 Nc5 13. Ba3 b6 14. cxd5 O-O
15. Bxc5 bxc5 16. dxc6 exf2+ 17. Rxf2 Bg4 18. Ng5 h6 19. Nh7 Nxh7 20. Bxh7+ Kh8
21. Bf5 Bxf5 22. Rxf5 Qd4+ 23. Kh1 c4 24. b4 Rae8 25. h3 Re3 26. c7 Rc8 27.
Rbf1 f6 28. R5f4 Qd7 29. Rxc4 1-0

[Event "Campeonato Continental Americas 2009"]
[Site "Sao Paulo BRA"]
[Date "2009.08.01"]
[Round "10.7"]
[White "Leitao, Rafael"]
[Black "Tsuboi, Edson Kenji"]
[Result "1-0"]
[WhiteElo "2610"]
[BlackElo "2399"]
[PlyCount "63"]
[EventDate "2009.07.25"]
[EventType "swiss"]
[EventRounds "11"]
[EventCountry "BRA"]
[Source "lmi"]
[SourceDate "2009.07.25"]

1. d4 Nf6 2. Nf3 e6 3. c4 b6 4. g3 Ba6 5. Qc2 Bb4+ 6. Bd2 Be7 7. e4 d5 8. cxd5
Bxf1 9. Kxf1 exd5 10. e5 Ne4 11. Nc3 Nxc3 12. bxc3 Qd7 13. h4 c5 14. Ng5 Nc6
15. Qd3 Rc8 16. Re1 Nd8 17. Nxh7 Ne6 18. Kg2 cxd4 19. cxd4 Rc4 20. Be3 Qa4 21.
Ng5 Bxg5 22. hxg5 Rxh1 23. Rxh1 g6 24. Qe2 Qc6 25. Qf3 Nxd4 26. Rh8+ Ke7 27.
Bxd4 Rxd4 28. Rh7 Qe6 29. Qa3+ Kd7 30. Qxa7+ Kc6 31. Rxf7 Qxe5 32. Rf6+ 1-0

[Event "Campeonato Continental Americas 2009"]
[Site "Sao Paulo BRA"]
[Date "2009.08.01"]
[Round "10.8"]
[White "Rios, Mauricio Flores"]
[Black "Quesada Perez, Yunieski"]
[Result "1-0"]
[WhiteElo "2482"]
[BlackElo "2584"]
[PlyCount "47"]
[EventDate "2009.07.25"]
[EventType "swiss"]
[EventRounds "11"]
[EventCountry "BRA"]
[Source "lmi"]
[SourceDate "2009.07.25"]

1. e4 c5 2. Nf3 d6 3. d4 cxd4 4. Nxd4 Nf6 5. Nc3 a6 6. Be3 e5 7. Nb3 Be6 8. f3
h5 9. Be2 Nbd7 10. a4 Be7 11. O-O Qc7 12. Kh1 O-O 13. a5 Rfd8 14. Nd5 Bxd5 15.
exd5 b5 16. axb6 Nxb6 17. Bxb6 Qxb6 18. Ra5 Rdc8 19. Bd3 Bd8 20. Qe2 Qb8 21.
Rxa6 Nxd5 22. Rxa8 Qxa8 23. Be4 Nf4 24. Qb5 1-0

[Event "Campeonato Continental Americas 2009"]
[Site "Sao Paulo BRA"]
[Date "2009.08.01"]
[Round "10.10"]
[White "Iturrizaga, Eduardo"]
[Black "Cori Tello, Deysi"]
[Result "1-0"]
[WhiteElo "2555"]
[BlackElo "2390"]
[PlyCount "97"]
[EventDate "2009.07.25"]
[EventType "swiss"]
[EventRounds "11"]
[EventCountry "BRA"]
[Source "lmi"]
[SourceDate "2009.07.25"]

1. c4 Nf6 2. Nf3 e6 3. Nc3 d5 4. d4 c6 5. g3 Nbd7 6. Bg2 Be7 7. O-O O-O 8. Nd2
Bb4 9. e4 Bxc3 10. bxc3 dxe4 11. Nxe4 Qa5 12. Qb3 Nxe4 13. Bxe4 e5 14. Bg2 exd4
15. cxd4 Nb6 16. d5 cxd5 17. cxd5 Bd7 18. Bb2 Rac8 19. Bd4 Nc4 20. Qxb7 Rc7 21.
Qb1 Nd2 22. Qb2 Nxf1 23. Bxg7 Qd2 24. Qf6 Ne3 25. Bh6 Qc3 26. Qxc3 Rxc3 27.
Bxe3 a5 28. Rb1 Re8 29. h3 Rc2 30. Rb7 Bc8 31. Rb5 Rxa2 32. d6 Be6 33. Bb6 f6
34. Bxa5 Ra1+ 35. Kh2 Rd1 36. Bc7 Rd2 37. Bc6 Rc8 38. Kg2 Rxd6 39. Bxd6 Rxc6
40. Bf4 Kg7 41. g4 Rc4 42. Kg3 Rd4 43. h4 Rd5 44. Rb7+ Kg8 45. f3 Rd3 46. Rb8+
Kg7 47. Kf2 f5 48. Rb7+ Kg8 49. Be5 1-0

[Event "Campeonato Continental Americas 2009"]
[Site "Sao Paulo BRA"]
[Date "2009.08.01"]
[Round "10.11"]
[White "Zambrana, Oswaldo"]
[Black "Friedel, Joshua E"]
[Result "0-1"]
[WhiteElo "2473"]
[BlackElo "2547"]
[PlyCount "72"]
[EventDate "2009.07.25"]
[EventType "swiss"]
[EventRounds "11"]
[EventCountry "BRA"]
[Source "lmi"]
[SourceDate "2009.07.25"]

1. e4 e5 2. Nf3 Nc6 3. Bc4 Nf6 4. d3 Be7 5. O-O O-O 6. Re1 d6 7. a4 h6 8. h3
Nh7 9. Nc3 Ng5 10. Nd5 Nxf3+ 11. Qxf3 Kh8 12. Qh5 Kh7 13. c3 f5 14. b4 f4 15.
Qf3 Bg5 16. Ba3 Ne7 17. Nxe7 Qxe7 18. d4 Bf6 19. b5 g5 20. a5 Qg7 21. Be2 exd4
22. e5 Bxe5 23. cxd4 Bxd4 24. Rac1 Kh8 25. Qd5 Rf5 26. Qe4 f3 27. Rxc7 Bxf2+
28. Kxf2 fxe2+ 29. Kg1 Qxc7 30. Bb2+ Re5 31. Bxe5+ dxe5 32. Qg6 Qc5+ 33. Kh2
Qf8 34. Rxe2 Bf5 35. Qh5 e4 36. Rf2 e3 0-1

[Event "Campeonato Continental Americas 2009"]
[Site "Sao Paulo BRA"]
[Date "2009.08.01"]
[Round "10.12"]
[White "Diamant, Andre"]
[Black "Blanco, Cristobal J"]
[Result "0-1"]
[WhiteElo "2520"]
[BlackElo "2361"]
[PlyCount "57"]
[EventDate "2009.07.25"]
[EventType "swiss"]
[EventRounds "11"]
[EventCountry "BRA"]
[Source "lmi"]
[SourceDate "2009.07.25"]

1. e4 c5 2. Nf3 Nc6 3. d4 cxd4 4. Nxd4 Nf6 5. Nc3 e5 6. Ndb5 d6 7. Bg5 a6 8.
Na3 b5 9. Nd5 Be7 10. Bxf6 Bxf6 11. c4 b4 12. Nc2 a5 13. g3 O-O 14. Bg2 Bg5 15.
O-O Ne7 16. Nce3 Ra7 17. Qd3 f5 18. exf5 Nxf5 19. Rad1 Kh8 20. Be4 Nxe3 21.
Nxe3 Raf7 22. Ng2 Bb7 23. Bxh7 Qb6 24. Rd2 d5 25. Qg6 Rf6 26. Qc2 g6 27. Ne3
Qxe3 28. fxe3 Rxf1+ 29. Kg2 0-1

[Event "Campeonato Continental Americas 2009"]
[Site "Sao Paulo BRA"]
[Date "2009.08.01"]
[Round "10.13"]
[White "Cornejo, Max"]
[Black "Fier, Alexandr"]
[Result "0-1"]
[WhiteElo "2371"]
[BlackElo "2604"]
[PlyCount "117"]
[EventDate "2009.07.25"]
[EventType "swiss"]
[EventRounds "11"]
[EventCountry "BRA"]
[Source "lmi"]
[SourceDate "2009.07.25"]

1. e4 Nf6 2. e5 Nd5 3. d4 d6 4. c4 Nb6 5. exd6 exd6 6. Nc3 Be7 7. Bd3 Nc6 8.
Nge2 Nb4 9. Bb1 O-O 10. O-O Bg4 11. f3 Bh5 12. Nf4 Bg6 13. Nxg6 hxg6 14. a3 Nc6
15. Ba2 Bf6 16. Be3 Ne7 17. Bf2 d5 18. c5 Nc4 19. b3 Na5 20. b4 Nac6 21. b5 Na5
22. Qd3 c6 23. bxc6 bxc6 24. Ne2 Re8 25. Rab1 Qc8 26. Ng3 Nb7 27. Rb4 Nd8 28.
Bb3 Ne6 29. Ba4 Nf4 30. Qd2 g5 31. Ne2 Neg6 32. Nxf4 Nxf4 33. Be3 Ne6 34. Qd3
g6 35. Rfb1 Re7 36. g3 Kg7 37. Bf2 Nd8 38. Bc2 Re8 39. Qf1 Rh8 40. Bd3 Ne6 41.
Ba6 Qd7 42. R1b2 Rh7 43. Kh1 Rah8 44. Bg1 Nd8 45. Bd3 Re8 46. Ba6 Rhh8 47. Re2
Rxe2 48. Qxe2 Re8 49. Qd1 Qe6 50. Rb1 Qf5 51. Bd3 Qc8 52. Qa4 Re7 53. Qa6 Qd7
54. Bf1 Qf5 55. Qd3 Qxd3 56. Bxd3 Ne6 57. Rb4 a5 58. Rb6 Rc7 59. Ra6 0-1

[Event "Campeonato Continental Americas 2009"]
[Site "Sao Paulo BRA"]
[Date "2009.08.01"]
[Round "10.15"]
[White "Fusco, Leonardo"]
[Black "Mareco, Sandro"]
[Result "0-1"]
[WhiteElo "2401"]
[BlackElo "2515"]
[PlyCount "86"]
[EventDate "2009.07.25"]
[EventType "swiss"]
[EventRounds "11"]
[EventCountry "BRA"]
[Source "lmi"]
[SourceDate "2009.07.25"]

1. e4 c5 2. Nf3 e6 3. d4 cxd4 4. Nxd4 a6 5. Bd3 Bc5 6. Nb3 Be7 7. O-O d6 8. c4
Nf6 9. Nc3 O-O 10. f4 Nbd7 11. Qe2 b6 12. Bd2 Bb7 13. Rae1 Rc8 14. Kh1 Re8 15.
Bb1 g6 16. Nc1 Bf8 17. Nd1 Nc5 18. Nf2 d5 19. e5 Nh5 20. cxd5 Bxd5 21. b3 a5
22. Ncd3 Qh4 23. Kg1 Red8 24. Be3 a4 25. b4 Nd7 26. Rd1 Rc4 27. a3 Rc3 28. Bc1
Rdc8 29. Ne4 R3c4 30. Nd6 Rxc1 31. Rxc1 Nxf4 32. Qf2 Qxf2+ 33. Rxf2 Rxc1+ 34.
Nxc1 Bh6 35. Nxf7 Nh3+ 36. gxh3 Bxc1 37. Bd3 Bxa3 38. Bb5 Bxb4 39. Bxa4 Bc5 40.
Bxd7 Bxf2+ 41. Kxf2 Kxf7 42. h4 Bc4 43. Ke3 Kg7 0-1

[Event "Campeonato Continental Americas 2009"]
[Site "Sao Paulo BRA"]
[Date "2009.08.02"]
[Round "11.3"]
[White "Vescovi, Giovanni"]
[Black "Ivanov, Alexander"]
[Result "1/2-1/2"]
[WhiteElo "2631"]
[BlackElo "2527"]
[PlyCount "127"]
[EventDate "2009.07.25"]
[EventType "swiss"]
[EventRounds "11"]
[EventCountry "BRA"]
[Source "lmi"]
[SourceDate "2009.07.25"]

1. d4 Nf6 2. c4 e6 3. Nc3 Bb4 4. e3 c5 5. Bd3 d5 6. Nf3 O-O 7. O-O Nc6 8. a3
Bxc3 9. bxc3 dxc4 10. Bxc4 Qc7 11. Bb2 e5 12. h3 Bf5 13. Qe2 Rad8 14. Rad1 Be4
15. Ba1 Bxf3 16. Qxf3 e4 17. Qe2 Na5 18. dxc5 Qxc5 19. Ba2 Qxa3 20. c4 Qe7 21.
Rb1 Ne8 22. c5 Nc6 23. Qb5 Rd7 24. Rfd1 Rxd1+ 25. Rxd1 Nf6 26. Bxf6 gxf6 27.
Rd6 Rd8 28. Qb2 Rxd6 29. cxd6 Qxd6 30. Qxb7 Qd1+ 31. Kh2 Qd6+ 32. Kg1 Qd1+ 33.
Kh2 Qd6+ 34. g3 Ne5 35. Kg2 Qd2 36. Bd5 Kg7 37. Bxe4 a5 38. Qb5 h6 39. Qb3 Qd6
40. Qa4 Qd2 41. Qd4 Qe2 42. g4 Qe1 43. Bf5 Qe2 44. Be4 Qe1 45. Bc2 Ng6 46. Qd1
Qb4 47. Kg3 Ne5 48. h4 Nc4 49. Qd3 Qd6+ 50. Qxd6 Nxd6 51. Kf3 Nb5 52. Ke2 a4
53. Kd3 a3 54. Bb3 Nd6 55. e4 Kf8 56. Bd5 Nc8 57. Ba2 Nb6 58. Kd4 Nd7 59. f4
Nb6 60. Kc5 Na4+ 61. Kd5 Nb2 62. Bb3 Nd1 63. g5 fxg5 64. fxg5 1/2-1/2

[Event "Campeonato Continental Americas 2009"]
[Site "Sao Paulo BRA"]
[Date "2009.08.02"]
[Round "11.7"]
[White "Blanco, Cristobal J"]
[Black "Iturrizaga, Eduardo"]
[Result "1/2-1/2"]
[WhiteElo "2361"]
[BlackElo "2555"]
[PlyCount "65"]
[EventDate "2009.07.25"]
[EventType "swiss"]
[EventRounds "11"]
[EventCountry "BRA"]
[Source "lmi"]
[SourceDate "2009.07.25"]

1. e4 c5 2. Nf3 d6 3. d4 cxd4 4. Nxd4 Nf6 5. Nc3 Nc6 6. Be2 g6 7. f4 Bg7 8. Nb3
O-O 9. g4 a5 10. a4 Nb4 11. g5 Nd7 12. Nb5 Nc5 13. c3 Nba6 14. Nd2 e5 15. Nc4
exf4 16. Bxf4 Nxe4 17. Ncxd6 Qe7 18. Qd5 Nac5 19. Nxe4 Nxe4 20. Nd6 Nxd6 21.
Bxd6 Rd8 22. Bxe7 Rxd5 23. Rd1 Be6 24. Bb5 Re5+ 25. Kd2 h6 26. h4 hxg5 27. hxg5
Bd7 28. Bxd7 Rxe7 29. Kc2 Rd8 30. Bb5 Rxd1 31. Rxd1 Be5 32. Bc4 Kg7 33. Rd5
1/2-1/2

[Event "Campeonato Continental Americas 2009"]
[Site "Sao Paulo BRA"]
[Date "2009.08.02"]
[Round "11.8"]
[White "Fier, Alexandr"]
[Black "Santos, Marcus Vinicius Mor"]
[Result "1-0"]
[WhiteElo "2604"]
[BlackElo "2390"]
[PlyCount "169"]
[EventDate "2009.07.25"]
[EventType "swiss"]
[EventRounds "11"]
[EventCountry "BRA"]
[Source "lmi"]
[SourceDate "2009.07.25"]

1. d4 d5 2. c4 e5 3. dxe5 d4 4. Nf3 Nc6 5. a3 Be6 6. Nbd2 Nge7 7. g3 Qd7 8. Bg2
Bh3 9. e6 Bxe6 10. O-O Bh3 11. b4 Bxg2 12. Kxg2 Ng6 13. Nb3 O-O-O 14. b5 Nce5
15. Qxd4 Qxd4 16. Nbxd4 Nxc4 17. Bg5 Rd7 18. Rfc1 Nce5 19. Bf4 f6 20. Rc3 Nxf3
21. Nxf3 Ne5 22. a4 Nf7 23. a5 Bd6 24. Be3 Kb8 25. a6 b6 26. Rd1 Kc8 27. Nh4
Be5 28. Rxd7 Kxd7 29. Rd3+ Ke6 30. f4 Bd6 31. Nf3 Bc5 32. Bxc5 bxc5 33. f5+ Ke7
34. Rd5 Rb8 35. Rxc5 Kd6 36. Rc6+ Kd7 37. Nd4 Ne5 38. Rc3 Rb6 39. Ne6 c6 40.
bxc6+ Nxc6 41. Nxg7 Rxa6 42. Ne6 Ra2 43. Nf8+ Kd6 44. Nxh7 Rxe2+ 45. Kh3 Nd4
46. Nxf6 Nxf5 47. Ra3 Re7 48. Kg4 Ne3+ 49. Kf4 Nc4 50. Ra4 Nb6 51. Ra1 Ke6 52.
Nh5 Kf7 53. g4 Kg6 54. Ra5 Rf7+ 55. Kg3 Rc7 56. Nf4+ Kh7 57. g5 Nc4 58. Ra6 Ne5
59. Ra3 Nc4 60. Ra6 Ne5 61. Rh6+ Kg8 62. Nd5 Rc4 63. h4 Rg4+ 64. Kh3 Rg1 65.
Rf6 a5 66. Rf5 Nd3 67. Kh2 Re1 68. Nf6+ Kg7 69. Rxa5 Ne5 70. Nh5+ Kf7 71. Ng3
Kg7 72. Kh3 Re3 73. h5 Nf7 74. Kg4 Ne5+ 75. Kf4 Rf3+ 76. Kxe5 Rxg3 77. Ra7+ Kh8
78. Kf6 Rf3+ 79. Kg6 Rf8 80. Kh6 Rb8 81. g6 Rc8 82. Ra5 Rb8 83. Kg5 Rg8 84. h6
Rc8 85. h7 1-0

[Event "Campeonato Continental Americas 2009"]
[Site "Sao Paulo BRA"]
[Date "2009.08.02"]
[Round "11.11"]
[White "Liascovich, Lucas"]
[Black "Lafuente, Pablo"]
[Result "1/2-1/2"]
[WhiteElo "2444"]
[BlackElo "2562"]
[PlyCount "80"]
[EventDate "2009.07.25"]
[EventType "swiss"]
[EventRounds "11"]
[EventCountry "BRA"]
[Source "lmi"]
[SourceDate "2009.07.25"]

1. d4 Nf6 2. Nf3 e6 3. Bf4 d6 4. h3 Nbd7 5. e3 g6 6. Be2 Bg7 7. O-O O-O 8. c4
b6 9. Nc3 Bb7 10. Qc2 Qe7 11. Bh2 Rfc8 12. Rfd1 d5 13. cxd5 exd5 14. Qa4 a6 15.
Rac1 c5 16. dxc5 bxc5 17. Qb3 Bc6 18. Qa3 Bh6 19. Nd4 Bb7 20. Na4 Ne4 21. Bg4
Qf6 22. Nf3 Bc6 23. Bxd7 Bxd7 24. Be5 Qc6 25. Nc3 Nxc3 26. Qxc3 d4 27. exd4
cxd4 28. Qxc6 Bxc6 29. Rc5 Bf8 30. Rcc1 Bh6 31. Ra1 Bxf3 32. gxf3 Rc2 33. Bxd4
Bg7 34. Bxg7 Kxg7 35. b4 Re8 36. a4 Ree2 37. Rf1 Ra2 38. b5 axb5 39. axb5 Rab2
40. Rab1 Rxf2 1/2-1/2

[Event "Campeonato Continental Americas 2009"]
[Site "Sao Paulo BRA"]
[Date "2009.08.02"]
[Round "11.12"]
[White "Mareco, Sandro"]
[Black "Matsuura, Frederico"]
[Result "1-0"]
[WhiteElo "2515"]
[BlackElo "2303"]
[PlyCount "129"]
[EventDate "2009.07.25"]
[EventType "swiss"]
[EventRounds "11"]
[EventCountry "BRA"]
[Source "lmi"]
[SourceDate "2009.07.25"]

1. d4 Nf6 2. c4 e6 3. Nf3 d5 4. Nc3 Be7 5. cxd5 exd5 6. Bg5 c6 7. Qc2 Na6 8. a3
Nc7 9. e3 Ne6 10. Bxf6 Bxf6 11. Bd3 g6 12. O-O O-O 13. b4 a6 14. h3 Ng7 15.
Rad1 Bf5 16. e4 dxe4 17. Nxe4 Bxe4 18. Bxe4 a5 19. d5 cxd5 20. Rxd5 Qe7 21. Rb5
axb4 22. Rxb7 b3 23. Qb1 Qxa3 24. Rxb3 Qa4 25. Bxa8 Qxa8 26. Rd1 Ne6 27. Rb6
Kg7 28. Qb3 Rd8 29. Rxd8 Qxd8 30. Rb7 Qd6 31. g3 Qc6 32. Ra7 Qd6 33. Qb7 Qd1+
34. Kg2 Nd8 35. Qc8 Qe2 36. Qd7 Ne6 37. Qb7 Nd8 38. Qc7 Qe8 39. Qc8 Kf8 40.
Qc5+ Kg7 41. Qd5 Ne6 42. Ne5 Ng5 43. Ng4 Qe4+ 44. Qxe4 Nxe4 45. Nxf6 Kxf6 46.
Ra2 h6 47. Ra6+ Kg7 48. Ra4 Nc5 49. Rc4 Ne6 50. f4 h5 51. Kf3 Kf6 52. Ra4 Kg7
53. Ra5 Nf8 54. Ke4 Kf6 55. Ra6+ Kg7 56. Rd6 Ne6 57. Ke5 Nf8 58. f5 g5 59. f6+
Kg6 60. Rd8 Ne6 61. Rg8+ Kh7 62. Re8 Nc5 63. Kf5 g4 64. hxg4 hxg4 65. Rf8 1-0

[Event "Campeonato Continental Americas 2009"]
[Site "Sao Paulo BRA"]
[Date "2009.08.02"]
[Round "11.13"]
[White "Cori, Jorge"]
[Black "Diamant, Andre"]
[Result "1-0"]
[WhiteElo "2424"]
[BlackElo "2520"]
[PlyCount "83"]
[EventDate "2009.07.25"]
[EventType "swiss"]
[EventRounds "11"]
[EventCountry "BRA"]
[Source "lmi"]
[SourceDate "2009.07.25"]

1. e4 c5 2. Nf3 e6 3. d4 cxd4 4. Nxd4 Nc6 5. Nxc6 bxc6 6. Bd3 d5 7. O-O Nf6 8.
Nd2 Be7 9. b3 O-O 10. Bb2 a5 11. c4 a4 12. exd5 cxd5 13. Qc2 Bb7 14. Rab1 g6
15. c5 d4 16. b4 a3 17. Ba1 Nd5 18. Rbc1 Rc8 19. Rfd1 e5 20. Nc4 Nf4 21. Be4
Qc7 22. Nxe5 Bf6 23. Bxd4 Rfe8 24. Ng4 Bxd4 25. Rxd4 Qe7 26. Qd2 h5 27. Bxb7
Ne2+ 28. Kf1 hxg4 29. Bxc8 Nxd4 30. Re1 Qxe1+ 31. Qxe1 Rxe1+ 32. Kxe1 Nc6 33.
Kd2 Nxb4 34. Bb7 Kf8 35. Kc3 Nxa2+ 36. Kb3 Nb4 37. Kxa3 Nc2+ 38. Kb3 Nd4+ 39.
Kc4 Ne6 40. Bc8 g3 41. fxg3 Nc7 42. c6 1-0

[Event "Campeonato Continental Americas 2009"]
[Site "Sao Paulo BRA"]
[Date "2009.08.02"]
[Round "11.15"]
[White "Kudrin, Sergey"]
[Black "Cornejo, Max"]
[Result "1-0"]
[WhiteElo "2578"]
[BlackElo "2371"]
[PlyCount "45"]
[EventDate "2009.07.25"]
[EventType "swiss"]
[EventRounds "11"]
[EventCountry "BRA"]
[Source "lmi"]
[SourceDate "2009.07.25"]

1. e4 e5 2. Bc4 Nf6 3. d3 Bc5 4. Nf3 d6 5. c3 O-O 6. Nbd2 c6 7. Bb3 Bb6 8. O-O
Nbd7 9. Re1 Re8 10. Nf1 Nf8 11. Ng3 Ng6 12. h3 h6 13. d4 Qc7 14. Bc2 Be6 15.
Be3 Rad8 16. Qc1 Kh7 17. b4 a5 18. a3 axb4 19. cxb4 Qc8 20. Qb2 Bc7 21. Rec1
Kh8 22. Bb1 Nxe4 23. Bxe4 1-0

[Event "Continental 2009 - Desempates 3-8"]
[Site "Sao Paulo BRA"]
[Date "2009.08.02"]
[Round "1.1"]
[White "Granda Zuniga, Julio E"]
[Black "Ivanov, Alexander"]
[Result "1-0"]
[WhiteElo "2647"]
[BlackElo "2527"]
[PlyCount "135"]
[EventDate "2009.08.02"]
[EventType "tourn"]
[EventRounds "1"]
[EventCountry "BRA"]
[Source "lmi"]
[SourceDate "2009.07.25"]

1. d4 Nf6 2. c4 e6 3. Nc3 Bb4 4. e3 c5 5. Nf3 d5 6. a3 Bxc3+ 7. bxc3 Nc6 8. Bd3
dxc4 9. Bxc4 O-O 10. O-O Qc7 11. Bb2 e5 12. h3 Bf5 13. Qe2 Rad8 14. Rad1 Be4
15. Ba2 h6 16. Rd2 Rd7 17. Rfd1 Rfd8 18. dxc5 Bd5 19. Bxd5 Nxd5 20. c4 Nf6 21.
e4 Rxd2 22. Rxd2 Rxd2 23. Nxd2 Qe7 24. Nb3 Nd7 25. Qe3 f6 26. Bc3 Nf8 27. Qd3
Ne6 28. Qd5 Kh7 29. g3 Nc7 30. Qd6 Qf7 31. Na5 Nxa5 32. Bxa5 Ne6 33. Qd5 Qe8
34. Bd2 Qc6 35. Be3 Ng5 36. Bxg5 hxg5 37. Kg2 Kg6 38. Kh2 Qc8 39. Kg2 Kh7 40.
a4 Kh6 41. a5 a6 42. g4 Kh7 43. Kg3 Qc7 44. Kg2 Qc8 45. Kg3 Qc7 46. h4 gxh4+
47. Kxh4 g5+ 48. Kg3 Kg7 49. Kf3 Qc6 50. Ke2 Qc7 51. Kd3 Qc6 52. Kc3 Qc7 53.
Kb4 Qc6 54. f3 Kf8 55. Qd8+ Kf7 56. Qh8 Kg6 57. Qg8+ Kh6 58. Qf7 b6 59. Qf8+
Kg6 60. cxb6 Qd7 61. Qg8+ Kh6 62. Qd5 Qe7+ 63. c5 Qe8 64. c6 Qe7+ 65. Ka4 Qe8
66. b7 Qb8 67. Kb3 Qc7 68. Kc4 1-0

[Event "Continental 2009 - Desempates 3-8"]
[Site "Sao Paulo BRA"]
[Date "2009.08.02"]
[Round "1.2"]
[White "Milos, Gilberto"]
[Black "Flores, Diego"]
[Result "0-1"]
[WhiteElo "2589"]
[BlackElo "2587"]
[PlyCount "110"]
[EventDate "2009.08.02"]
[EventType "tourn"]
[EventRounds "1"]
[EventCountry "BRA"]
[Source "lmi"]
[SourceDate "2009.07.25"]

1. d4 Nf6 2. c4 e6 3. Nf3 c5 4. e3 cxd4 5. exd4 d5 6. Nc3 Bb4 7. cxd5 Nxd5 8.
Qc2 Nc6 9. Be2 O-O 10. O-O Be7 11. Qe4 Nf6 12. Qh4 b6 13. Bg5 Bb7 14. Rad1 Nb4
15. Ne5 Rc8 16. Rfe1 Re8 17. Qh3 Nbd5 18. Bd3 g6 19. Bb5 Rf8 20. Bh6 a6 21. Ba4
Bb4 22. Bxf8 Bxc3 23. bxc3 Rxc3 24. Rd3 Rxd3 25. Nxd3 Qxf8 26. Bb3 Kg7 27. Qg3
Nb4 28. Nxb4 Qxb4 29. Qe5 h5 30. f3 a5 31. Rc1 Qd2 32. Rc7 Be4 33. h3 g5 34.
Qxe6 Qxd4+ 35. Kh1 Bg6 36. Qe1 b5 37. Qc3 Qxc3 38. Rxc3 a4 39. Bd1 Nd5 40. Rc5
Ne3 41. Be2 b4 42. Rb5 Nc2 43. Rxg5 f5 44. Bd3 Ne3 45. f4 h4 46. g4 Kf6 47.
gxf5 Bf7 48. Bb1 Nd1 49. Kg1 Nc3 50. Bc2 a3 51. Kf2 Nxa2 52. Ke3 Nc1 53. Rg1 b3
54. Rxc1 b2 55. Rd1 a2 0-1

[Event "Continental 2009 - Desempates 3-8"]
[Site "Sao Paulo BRA"]
[Date "2009.08.02"]
[Round "1.3"]
[White "Rios, Mauricio Flores"]
[Black "Friedel, Joshua E"]
[Result "0-1"]
[WhiteElo "2482"]
[BlackElo "2547"]
[PlyCount "98"]
[EventDate "2009.08.02"]
[EventType "tourn"]
[EventRounds "1"]
[EventCountry "BRA"]
[Source "lmi"]
[SourceDate "2009.07.25"]

1. e4 e5 2. Nf3 Nc6 3. Bb5 a6 4. Ba4 Nf6 5. d3 b5 6. Bb3 Be7 7. O-O d6 8. c3
O-O 9. Re1 Na5 10. Bc2 c5 11. Nbd2 Re8 12. Nf1 Bf8 13. h3 Bb7 14. N3h2 d5 15.
Qe2 c4 16. dxc4 Nxc4 17. Ng3 Nxe4 18. Nxe4 dxe4 19. Bxe4 Bxe4 20. Qxe4 Qd7 21.
Nf3 f5 22. Qe2 e4 23. Nd4 Ne5 24. Rd1 Nd3 25. Nc2 f4 26. Ne1 f3 27. Qf1 fxg2
28. Qxg2 Rad8 29. Bg5 Be7 30. Nxd3 exd3 31. Bxe7 Rxe7 32. Rd2 Re2 33. Rad1 Rxd2
34. Rxd2 Qe6 35. Qg5 Rd5 36. Qe3 Qg6+ 37. Kh2 h6 38. b3 Rg5 39. f4 Rd5 40. c4
bxc4 41. bxc4 Rd8 42. c5 h5 43. Qf3 Qf5 44. c6 Qc5 45. f5 Qc3 46. Rg2 Qe5+ 47.
Qg3 Qxg3+ 48. Kxg3 d2 49. c7 d1=Q 0-1

[Event "Continental 2009 - Desempates 3-8"]
[Site "Sao Paulo BRA"]
[Date "2009.08.02"]
[Round "2.1"]
[White "Flores, Diego"]
[Black "Ivanov, Alexander"]
[Result "0-1"]
[WhiteElo "2587"]
[BlackElo "2527"]
[PlyCount "82"]
[EventDate "2009.08.02"]
[EventType "tourn"]
[EventRounds "1"]
[EventCountry "BRA"]
[Source "lmi"]
[SourceDate "2009.07.25"]

1. c4 g6 2. Nc3 Bg7 3. g3 e5 4. Bg2 Ne7 5. e4 Nbc6 6. Nge2 a6 7. O-O Rb8 8. d3
O-O 9. Rb1 b5 10. b3 d6 11. f4 exf4 12. Bxf4 Nd4 13. Qd2 Nec6 14. Nxd4 Nxd4 15.
Ne2 Nxe2+ 16. Qxe2 Be6 17. Rbc1 c5 18. Kh1 Qe7 19. Qd2 Be5 20. cxb5 Rxb5 21.
Bg5 f6 22. Be3 Rb4 23. Rf2 a5 24. Qe1 Ra8 25. Bd2 Rb5 26. Bf1 Bd4 27. Bc3 Bxf2
28. Qxf2 Rb7 29. Bg2 a4 30. Bxf6 Qf7 31. Rf1 axb3 32. axb3 Rxb3 33. Qd2 Rab8
34. Qc2 Qb7 35. e5 Bd5 36. e6 Bxg2+ 37. Qxg2 Rb1 38. Qxb7 Rxf1+ 39. Kg2 Rxb7
40. Kxf1 Kf8 41. Kf2 Re7 0-1

[Event "Continental 2009 - Desempates 3-8"]
[Site "Sao Paulo BRA"]
[Date "2009.08.02"]
[Round "3.3"]
[White "Rios, Mauricio Flores"]
[Black "Flores, Diego"]
[Result "1-0"]
[WhiteElo "2482"]
[BlackElo "2587"]
[PlyCount "57"]
[EventDate "2009.08.02"]
[EventType "tourn"]
[EventRounds "1"]
[EventCountry "BRA"]
[Source "lmi"]
[SourceDate "2009.07.25"]

1. e4 c5 2. Nf3 e6 3. d4 cxd4 4. Nxd4 a6 5. c4 Nf6 6. Nc3 Qc7 7. a3 b6 8. Be3
Bb7 9. f3 Be7 10. Be2 O-O 11. Rc1 Re8 12. Qd2 Nc6 13. O-O Bd6 14. g3 Nxd4 15.
Bxd4 Bxg3 16. f4 Bxf4 17. Rxf4 e5 18. Rxf6 exd4 19. Nd5 Qe5 20. Rf2 Re6 21. Bf3
Rc8 22. Qf4 d6 23. Bg4 Qxf4 24. Nxf4 Rce8 25. Bxe6 fxe6 26. Rd1 e5 27. Nd5 b5
28. Rdf1 h6 29. Rf7 1-0